000 00548nam a2200229Ia 4500
003 0100
008 130303s9999 xx 000 0 und d
020 _a893340790
040 _cARRUPELIB
050 _aBL1900.L35H491985
100 _aHeider, John
245 4 _aThe Tao of leadership
245 _bLao Tzu's Tao te ching adapted for a new age
260 _aAtlanta, Ga
260 _bHumanics New Age
260 _C1985
300 _axii
300 _b 166p. 23cm
650 _bChristian ethics
700 _aJohn Heider
942 0 0 _01
999 _c8683
_d8683